Clue-Ending #3 - Statistics

General Stats
  • This quiz has been taken 12 times
  • The average score is 3 of 6
Answer Stats
Hint Answer % Correct
Who killed the Cook? Ms. Peacock
67%
Who killed the Cop? Ms. Scarlet
67%
Who killed Yvette? Mrs. White
50%
Who killed Mr. Boddy? Prof. Plum
50%
Who killed the Singing Telegram? Wadsworth
50%
Who killed the Motorist? Col. Mustard
33%
No matching quizzes found
Score Distribution
Percent of People with Each Score
Percentile by Number Answered
Your Score History
You have not taken this quiz